10 largest cities in Great Britain - Statistics

General Stats
  • This quiz has been taken 108 times
  • The average score is 8 of 10
Answer Stats
Population Answer % Correct
8.776.535 London
100%
470.411 Manchester
93%
1.121.408 Birmingham
90%
506.552 Liverpool
88%
536.321 Leeds
86%
631.690 Glasgow
83%
505.310 Edinburgh
82%
425.232 Bristol
64%
500.552 Sheffield
59%
406.588 Leicester
48%
No matching quizzes found
Score Distribution
Percent of People with Each Score
Percentile by Number Answered
Your Score History
You have not taken this quiz